| 000 | 00499nam a2200169Ia 4500 | ||
|---|---|---|---|
| 003 | GCL | ||
| 005 | 20240530103213.0 | ||
| 008 | 140319s9999 xx 000 0 ara d | ||
| 040 |
_aGCL / _cGCL |
||
| 082 | 0 | 4 |
_a368.06 _bم خ |
| 100 | _aمحمد شرعان | ||
| 245 | 1 | 0 |
_aالخطر فى عقد التامين _cمحمد شرعان |
| 260 |
_a[S.N] : _bمنشاة المعارف الاسلامية ، _c1984 |
||
| 300 | _a350 ص | ||
| 490 |
_aالكتب القانونية _v0 |
||
| 942 |
_2ddc _cBK |
||
| 999 |
_c37539 _d37539 |
||